Normal view MARC view
  • Bismarck-Nasr, Maher N.,

Entry Personal Name

Number of records used in: 1

001 - CONTROL NUMBER

  • control field: 111127

003 - CONTROL NUMBER IDENTIFIER

  • control field: NUST

005 - DATE AND TIME OF LATEST TRANSACTION

  • control field: 20230322151215.0

008 - FIXED-LENGTH DATA ELEMENTS

  • fixed length control field: 230322|| aca||aabn | a|a d

040 ## - CATALOGING SOURCE

  • Original cataloging agency: NUST
  • Transcribing agency: NUST

100 ## - HEADING--PERSONAL NAME

  • Personal name: Bismarck-Nasr, Maher N.,
  • Dates associated with a name: 1940-

670 ## - SOURCE DATA FOUND

  • Source citation: Work cat.: (NUST)0: Bismarck-Nasr, Maher N., 1940-, Structural dynamics in aeronautical engineering /, c1999.
© 2023 Central Library, National University of Sciences and Technology. All Rights Reserved.